Statistics for 王者荣耀所有射手英雄皮肤

Click here to take the quiz!

General Stats

  • This quiz has been taken 11 times
  • The average score is 22 of 93

Answer Stats

Country% Correct
末日机甲
73%
末日机甲
73%
火炮千金
64%
杀手不太冷
64%
水果甜心
55%
太华
55%
电玩小子
55%
木偶奇遇记
55%
霸王别姬
55%
女武神
55%
魔术师
45%
激情绿茵
45%
维京掠夺者
45%
特工魅影
45%
超时空战士
45%
锦衣卫
45%
朱雀志
45%
黄金射手座
45%
花间舞
45%
时之恋人
45%
蔷薇恋人
45%
阴阳师
36%
无限星赏官
36%
精灵王
36%
异界灵契
36%
芝加哥教父
36%
凯尔特女王
36%
特种部队
36%
阿尔法小队
36%
福禄兄弟
36%
绝影神枪
27%
烈魂
27%
箭羽风息
27%
沉稳之力
27%
玉兔公主
27%
音你闪耀
27%
乘龙·问璇玑
27%
加勒比小姐
27%
逐浪之夏
27%
祈雪灵祝
27%
云霓雀翎
27%
蜜橘之夏
27%
天狼溯光者
18%
花见巫女
18%
奇遇舞章
18%
驭风魔法
18%
暗影游猎
18%
火炮绅士
18%
狮舞东方
18%
星空梦想
18%
神器·狴犴令
18%
匿光侦查者
18%
如梦令
18%
黑猫爱糖果
18%
碎云
9%
真我赫兹
9%
胡桃狂想曲
9%
无限倾心
9%
辉光之辰
9%
百解令
9%
潮玩牛仔
9%
完美运算
9%
逐梦之星
9%
云中旅人
9%
妄想特派
9%
蔬乡物语
9%
西部游侠
9%
乒乒小将
9%
寅虎·瑞焰
9%
时之奇旅
9%
蔬乡物语
9%
黑桃队长
9%
深海之息
9%
妄想实况
9%
琥珀纪元
9%
归虚梦演
9%
神鉴启示录
0%
无尽星芒
0%
圣弓游侠
0%
银河之约
0%
飞鸢探春
0%
流音漫舞
0%
觅芳踪
0%
启明星使
0%
万华元夜
0%
山海·玄木吟
0%
鹰眼统帅
0%
夜礼服假面
0%
危途狂花
0%
狂想玩偶喵
0%
炽翼辉光
0%
记忆之芯
0%
龙鼓争鸣
0%

Score Distribution

Percentile by Number Answered

Percent of People with Each Score

Your Score History

You have not taken this quiz